| 000 | 00942nam a22002177a 4500 | ||
|---|---|---|---|
| 999 |
_c9094 _d9094 |
||
| 003 | AR-CdUCM | ||
| 008 | 190327b ||||| |||| 00| 0 spa d | ||
| 020 | _a978-9972-804-93-9 | ||
| 040 |
_aMUNICIPALIDAD PROVINCIAL DEL CUSCO _cBIBLIOTECA MUNICIPAL DEL CUSCO |
||
| 082 |
_a331.252 / _bOL44 |
||
| 100 |
_aOlivera Angulo, Javier. _925092 |
||
| 245 |
_aRecuperando la solidaridad en el sistema de pensiones peruano : _bUna propuesta de reforma / |
||
| 260 |
_aLima : _bConsorcio de Investigación Económica y Social, _c2010. |
||
| 300 |
_a151 paginas ; _c21 cm. |
||
| 505 | _aContenido :La solidaridad y los pilares en la seguridad social -- La reforma pensionaria de 1992 y la evolución del SPP --Propuesta de reforma del sistema de pensiones -- Mortalidad -- Tasa de interés ... | ||
| 650 |
_aPensiones a la vejez _925093 |
||
| 650 |
_aFondos de pensiones _925094 |
||
| 650 |
_aJubilados _925095 |
||
| 942 |
_2ddc _cLIBROS |
||
| 945 | _arum | ||